[Event "POL-chT U19 1st League"]
[Site "Maslow Pierwszy"]
[Date "2014.07.26"]
[Round "2"]
[White "Golecki, Jan"]
[Black "Kasprzyk, Maciej"]
[Result "0-1"]
[WhiteElo "1570"]
[BlackElo "1495"]
[PlyCount "151"]
[EventDate "2014.07.25"]
[EventType "team-tourn"]
[EventRounds "9"]
[EventCountry "POL"]
[SourceTitle "EXT 2015"]
[Source "ChessBase"]
[SourceDate "2014.11.20"]
[SourceVersion "1"]
[SourceVersionDate "2014.11.20"]
[SourceQuality "1"]
[WhiteTeam "Chylice KS Laura U19"]
[BlackTeam "Trzebinia UKS Hetman Koronny U19"]
[WhiteTeamCountry "POL"]
[BlackTeamCountry "POL"]

1. e4 c5 2. Nf3 Nc6 3. d4 cxd4 4. Nxd4 g6 5. Nc3 Bg7 6. Be3 Nf6 7. f3 0-0 8. Qd2 d5 9. Nxc6 bxc6 10. 0-0-0 Be6 11. Bh6 a5 12. Bxg7 Kxg7 13. e5 Nd7 14. f4 Nc5 15. Be2 Qb6 16. g4 Rfb8 17. b3 a4 18. f5 axb3 19. axb3 Qb4 20. f6+ exf6 21. exf6+ Kxf6 22. Nb1 Qxd2+ 23. Kxd2 Ne4+ 24. Ke3 Ra2 25. Bd3 Bxg4 26. Bxe4 Bxd1 27. Rxd1 dxe4 28. Rd6+ Ke5 29. Rxc6 f5 30. Rc5+ Kd6 31. Rc4 g5 32. Nc3 Ra1 33. Ne2 Rh1 34. Nd4 Rf8 35. Rc6+ Kd7 36. Rh6 Rf7 37. c4 Re1+ 38. Kd2 Ra1 39. c5 f4 40. c6+ Kc8 41. Nb5 Ra2+ 42. Kc3 Re7 43. Rf6 Re8 44. Nd6+ Kd8 45. Rf7 Re7 46. Nb7+ Ke8 47. Nd6+ Kd8 48. Rxe7 Kxe7 49. c7 Ra8 50. c8Q Rxc8+ 51. Nxc8+ Ke6 52. Kd4 e3 53. Kd3 h5 54. Nb6 h4 55. Nc4 g4 56. Ke2 g3 57. hxg3 h3 58. gxf4 h2 59. Kxe3 h1Q 60. Ne5 Qb1 61. Kf3 Qxb3+ 62. Kg4 Qd1+ 63. Nf3 Kf6 64. Kg3 Qe2 65. f5 Qe4 66. Nh4 Kg5 67. Nf3+ Kxf5 68. Nh4+ Kf6 69. Nf3 Qe3 70. Kg4 Qc1 71. Kg3 Kf5 72. Nd4+ Ke4 73. Ne6 Qe3+ 74. Kh4 Qf2+ 75. Kh3 Qf5+ 76. Kg3 0-1

[Event "POL-chT U19 44th"]
[Site "Karpacz"]
[Date "2013.07.28"]
[Round "7"]
[White "Kasprzyk, Maciej"]
[Black "Golda, Sebastian"]
[Result "0-1"]
[WhiteElo "1468"]
[BlackElo "1626"]
[PlyCount "70"]
[EventDate "2013.07.22"]
[EventType "team-tourn"]
[EventRounds "9"]
[EventCountry "POL"]
[SourceTitle "EXT 2014"]
[Source "ChessBase"]
[SourceDate "2013.11.20"]
[SourceVersion "1"]
[SourceVersionDate "2013.11.20"]
[SourceQuality "1"]
[WhiteTeam "Trzebinia UKS Hetman Koronny U19"]
[BlackTeam "Krakow KKSz 1893 U19"]
[WhiteTeamCountry "POL"]
[BlackTeamCountry "POL"]

1. e4 e5 2. Nf3 Nc6 3. d4 exd4 4. Bc4 Nf6 5. e5 d5 6. Bb5 Nd7 7. Bxc6 bxc6 8. Nxd4 Nxe5 9. 0-0 c5 10. Re1 cxd4 11. Rxe5+ Be6 12. Qxd4 Be7 13. Qa4+ Qd7 14. Qxd7+ Kxd7 15. Nd2 Bf6 16. Re2 Rhe8 17. Nb3 Bf5 18. Rxe8 Rxe8 19. Be3 Bxb2 20. Rd1 c6 21. c4 Be6 22. Nc5+ Kd6 23. Nxe6 fxe6 24. cxd5 exd5 25. Bxa7 Ra8 26. Rb1 Rxa7 27. Rxb2 d4 28. Kf1 Kd5 29. Ke2 c5 30. Kd2 Ra5 31. Ke2 c4 32. Kd1 d3 33. Ke1 Kd4 34. Kd1 Ra4 35. Kc1 c3 0-1